Your Kingdom Come : mission perspectives : report on the World Conference on Mission and Evangelism, Melbourne, Australia 12-25 may, 1980. (Record no. 1742)

MARC details
000 -LEADER
fixed length control field 01075cam a22002897a 4500
001 - CONTROL NUMBER
control field 507232
003 - CONTROL NUMBER IDENTIFIER
control field GBCCL
005 - DATE AND TIME OF LATEST TRANSACTION
control field 20241126110408.0
008 - FIXED-LENGTH DATA ELEMENTS--GENERAL INFORMATION
fixed length control field 820921s1980 sz a b 100 0 eng
010 ## -
-- 81159907
020 ## - INTERNATIONAL STANDARD BOOK NUMBER
International Standard Book Number 2825406635 (pbk.)
035 ## - SYSTEM CONTROL NUMBER
System control number (OCoLC)ocn686917117
035 ## - SYSTEM CONTROL NUMBER
System control number (CStRLIN)CTYT82-B1206
035 ## - SYSTEM CONTROL NUMBER
System control number 507232
040 ## - CATALOGING SOURCE
Original cataloging agency CtY-D
Transcribing agency CtY-D
050 0# -
-- BV2020
-- .W59 1980
082 0# - DEWEY DECIMAL CLASSIFICATION NUMBER
Classification number 266
Edition information 19
Item number YOU
090 ## - LOCALLY ASSIGNED LC-TYPE CALL NUMBER (OCLC); LOCAL CALL NUMBER (RLIN)
Classification number (OCLC) (R) ; Classification number, CALL (RLIN) (NR) BV2020
Local cutter number (OCLC) ; Book number/undivided call number, CALL (RLIN) .W59 1980
111 2# -
-- World Conference on Mission and Evangelism
-- (1980 :
-- Melbourne, Vic.)
-- 3586
245 10 - TITLE STATEMENT
Title Your Kingdom Come : mission perspectives : report on the World Conference on Mission and Evangelism, Melbourne, Australia 12-25 may, 1980.
260 0# - PUBLICATION, DISTRIBUTION, ETC.
Place of publication, distribution, etc. Geneva :
Name of publisher, distributor, etc. Commission on World Mission and Evangelism, World Council of Churches,
Date of publication, distribution, etc. c1980.
300 ## - PHYSICAL DESCRIPTION
Extent ix, 283 p. :
Other physical details ill. ;
Dimensions 22 cm.
650 #0 - SUBJECT ADDED ENTRY--TOPICAL TERM
Topical term or geographic name entry element Missions
Form subdivision Congresses.
9 (RLIN) 3497
650 #0 - SUBJECT ADDED ENTRY--TOPICAL TERM
Topical term or geographic name entry element Kingdom of God
Form subdivision Congresses.
9 (RLIN) 3587
710 2# - ADDED ENTRY--CORPORATE NAME
Corporate name or jurisdiction name as entry element World Council of Churches.
Subordinate unit Commission on World Mission and Evangelism.
Institution to which field applies 797
9 (RLIN) 3588
942 ## - ADDED ENTRY ELEMENTS (KOHA)
Source of classification or shelving scheme Dewey Decimal Classification
Koha item type Books
Koha issues (borrowed), all copies 3
Holdings
Withdrawn status Lost status Source of classification or shelving scheme Damaged status Not for loan Home library Current Library Shelving location Date acquired Total checkouts Full call number Barcode Date last seen Date last checked out Copy number Price effective from Koha item type
    Dewey Decimal Classification     GRACE BIBLE COLLEGE GRACE BIBLE COLLEGE Ministry & Mission 2017-05-22 3 266 YOU 003306 2025-05-01 2020-01-22 c.1 2017-05-22 Books
© Grace Bible College Library 2025